00374 a2200157 4500003000400000005001700004008004100021020001800062040000900080082002000089100001400109245002900123250001200152260004200164300001000206OSt20231201100628.0231201b |||||||| |||| 00| 0 eng d a9789355492029 coclc a894.8123bJAY/M aJayamohan aMaayapponnu /cJayamohan a3rd ed. aKozhikode:bMathrubhumi Books,c2022. a151p.